000 00537nam a2200169 a 4500
001 000002407
005 20200929150207.0
008 090702s1992 es af 001 0 spa d
020 _a8486168686
040 _aDO-SdBNP
_bspa
_cBNPHU
082 _aR934h
100 1 _aRuiz, Elisa
_97635
245 1 0 _aHacia una semiología de la escritura /
_cElisa Ruiz.
260 _aMadrid :
_bFundación Germán Sánchez Ruipérez,
_c1992.
300 _a312 p.,[1]h., [16] p. de lam. :
_bil. ; lam. ;
_c26 cm.
500 _aIncluye notas al pie de páginas
999 _c2243
_d2243